[Event "Olympiad"]
[Site "Bled SLO"]
[Date "2002.11.06"]
[EventDate "2002.10.26"]
[Round "11"]
[Result "1/2-1/2"]
[White "Erald Dervishi"]
[Black "Pablo Ricardi"]
[WhiteElo "2513"]
[BlackElo "2544"]
[PlyCount "50"]

1. e4 c5 2. Nf3 d6 3. d4 cxd4 4. Nxd4 Nf6 5. Nc3 a6 6. Be2 e5
7. Nb3 Be7 8. O-O O-O 9. Kh1 b5 10. Nd5 b4 11. Nxe7+ Qxe7
12. f3 Bb7 13. a4 a5 14. Bg5 Nbd7 15. Qd2 h6 16. Bh4 Rfd8
17. Rfd1 Nf8 18. Bc4 Ng6 19. Bxf6 Qxf6 20. Bd5 Bxd5 21. Qxd5
Nf4 22. Qb7 Rdb8 23. Qd7 Rd8 24. Qb7 Rdb8 25. Qd7 Rd8 1/2-1/2

[Event "Olympiad"]
[Site "Bled SLO"]
[Date "2002.11.06"]
[EventDate "2002.10.26"]
[Round "11"]
[Result "0-1"]
[White "Ilir Karkanaqe"]
[Black "Fernando Peralta"]
[WhiteElo "2375"]
[BlackElo "2478"]
[PlyCount "58"]

1. d4 f5 2. c4 e6 3. g3 Nf6 4. Bg2 d5 5. Qc2 c6 6. Nh3 Bd6
7. O-O O-O 8. Nf4 Qe7 9. Nd2 b6 10. Nf3 Ne4 11. Nd3 Bb7
12. Bf4 Bxf4 13. Nxf4 Nd7 14. Nd3 Rac8 15. cxd5 exd5 16. b4
Rfe8 17. Rfc1 Qd6 18. Qa4 a5 19. b5 c5 20. dxc5 bxc5 21. Qxa5
Ra8 22. Qe1 d4 23. a4 Nc3 24. Rxc3 dxc3 25. Qxc3 Rxe2 26. Nde5
Bd5 27. Nxd7 Qxd7 28. Ne5 Qe6 29. Qd3 Rxe5 0-1

[Event "Olympiad"]
[Site "Bled SLO"]
[Date "2002.11.06"]
[EventDate "2002.10.26"]
[Round "11"]
[Result "0-1"]
[White "Siegfried Baumegger"]
[Black "Mark Quinn"]
[WhiteElo "2359"]
[BlackElo "2429"]
[PlyCount "60"]

1. e4 e5 2. Nf3 Nf6 3. Nc3 Nc6 4. g3 Bc5 5. Bg2 d6 6. O-O O-O
7. d3 a6 8. h3 Be6 9. Be3 Bxe3 10. fxe3 Qd7 11. Kh2 h6 12. Nh4
Ne7 13. Rxf6 gxf6 14. Qh5 Kg7 15. Rf1 c6 16. Qf3 Ng8 17. Ne2
d5 18. Qh5 Ne7 19. g4 Rh8 20. Ng3 Rag8 21. exd5 cxd5 22. c4
Kf8 23. Nf3 dxc4 24. Ne4 Nd5 25. dxc4 Nxe3 26. Nxf6 Nxf1+
27. Bxf1 Qd6 28. Nxg8 e4+ 29. Ne5 Kxg8 30. Bg2 e3 0-1

[Event "Olympiad"]
[Site "Bled SLO"]
[Date "2002.11.06"]
[EventDate "2002.10.26"]
[Round "11"]
[Result "0-1"]
[White "Brian Kelly"]
[Black "Georg Danner"]
[WhiteElo "2451"]
[BlackElo "2370"]
[PlyCount "104"]

1. d4 Nf6 2. c4 e6 3. Nc3 Bb4 4. Qc2 Nc6 5. Nf3 d6 6. a3 Bxc3+
7. Qxc3 a5 8. b3 O-O 9. g3 Re8 10. Bg2 e5 11. d5 Ne7 12. O-O
Ne4 13. Qc2 f5 14. Bb2 g5 15. c5 Ng6 16. cxd6 cxd6 17. Rac1
Bd7 18. Nd2 Rc8 19. Qd1 Nc5 20. Nc4 Bb5 21. f4 gxf4 22. gxf4
Bxc4 23. Rxc4 b5 24. Rc3 exf4 25. Qd4 Re5 26. Rxf4 Ne4
27. Rxc8 Qxc8 28. Rf1 Qc2 29. Ba1 Nd2 30. Qb6 Nxf1 31. Qd8+
Kf7 32. Bxe5 Nxe5 33. Qxd6 Qxe2 34. Qe6+ Kg7 35. Qe7+ Kg6
36. Qe8+ Kg7 37. Qe7+ Kg6 38. Qe8+ Kg5 39. Qe7+ Kf4 40. Qh4+
Ng4 41. Bxf1 Qe3+ 42. Kh1 Qe4+ 43. Kg1 Qd4+ 44. Kh1 Qxd5+
45. Kg1 Qd4+ 46. Kh1 Qe4+ 47. Kg1 Qe3+ 48. Kh1 b4 49. axb4
axb4 50. Kg2 Qf3+ 51. Kg1 Qxb3 52. h3 Qe3+ 0-1

[Event "Olympiad"]
[Site "Bled SLO"]
[Date "2002.11.06"]
[EventDate "2002.10.26"]
[Round "11"]
[Result "1/2-1/2"]
[White "Friedrich Karl Volkmann"]
[Black "Alexander Baburin"]
[WhiteElo "2435"]
[BlackElo "2580"]
[PlyCount "146"]

1. e4 Nf6 2. e5 Nd5 3. d4 d6 4. Nf3 dxe5 5. Nxe5 g6 6. Bc4 c6
7. O-O Bg7 8. Bb3 O-O 9. Re1 Nd7 10. Nxd7 Qxd7 11. c3 b6
12. Nd2 Bb7 13. Nf3 e6 14. Ne5 Qc7 15. h4 c5 16. h5 Rad8
17. hxg6 hxg6 18. Qg4 cxd4 19. cxd4 Ne7 20. Bg5 Bd5 21. Rac1
Qb7 22. Rc3 Rd6 23. Bc2 Nf5 24. Rh3 Bxg2 25. Qxg2 Qxg2+
26. Kxg2 Nxd4 27. Bxg6 fxg6 28. Be7 Rd5 29. Bxf8 Bxe5 30. Bh6
Nf5 31. b3 Kf7 32. Bg5 Bg7 33. Rc1 Rd7 34. Rhh1 e5 35. Rhd1
Nd4 36. Rc6 Bh8 37. Be3 Bf6 38. f4 Nxc6 39. Rxd7+ Ke6 40. Rc7
Kd6 41. Rf7 Ke6 42. Rh7 exf4 43. Bxf4 Be7 44. Kf3 Nb4 45. Rh2
Nd5 46. Re2+ Kd7 47. Bb8 a6 48. Be5 g5 49. Ke4 Nb4 50. Rh2 Nc6
51. Bc3 b5 52. Rh6 Bd8 53. Kd5 Ne7+ 54. Kc5 g4 55. Rxa6 g3
56. Rd6+ Kc8 57. Rd2 Nf5 58. Be5 Bg5 59. Rg2 Be3+ 60. Kxb5 Bf2
61. Kc6 Ne7+ 62. Kd6 Nf5+ 63. Ke6 Ne3 64. Bxg3 Nxg2 65. Bxf2
Nf4+ 66. Kd6 Nd3 67. Be3 Kb7 68. a4 Nb4 69. Kc5 Na6+ 70. Kc4
Kc6 71. Bf4 Nc5 72. b4 Nxa4 73. b5+ Kb7 1/2-1/2

[Event "Olympiad"]
[Site "Bled SLO"]
[Date "2002.11.06"]
[EventDate "2002.10.26"]
[Round "11"]
[Result "1/2-1/2"]
[White "Geert van der Stricht"]
[Black "Luis Valenzuela Fuentealba"]
[WhiteElo "2403"]
[BlackElo "2423"]
[PlyCount "152"]

1. d4 d5 2. c4 c6 3. Nc3 Nf6 4. cxd5 cxd5 5. Bf4 Nc6 6. e3 a6
7. Bd3 g6 8. Nf3 Bg4 9. h3 Bxf3 10. Qxf3 Bg7 11. Rc1 O-O
12. O-O Qa5 13. Bg5 Rfd8 14. Rfd1 Ne8 15. a3 Nc7 16. Qe2 Rd7
17. Bh4 Re8 18. f4 e6 19. Be1 Qb6 20. Na4 Qa7 21. Nc5 Rd6
22. Kh1 Na8 23. Qc2 Ne7 24. Qb3 Nf5 25. Bd2 Rb6 26. Qa4 Nd6
27. Rc2 Rc8 28. Rdc1 Rbc6 29. Qb3 Nb6 30. Be1 Nbc4 31. Bf2 b6
32. Na4 f5 33. Qa2 Ne4 34. Bxe4 fxe4 35. b3 Na5 36. Be1 Qc7
37. Rxc6 Nxc6 38. Rc3 Qb7 39. Qc2 Bf8 40. b4 Na7 41. Rxc8 Nxc8
42. Nb2 b5 43. Nd1 Nd6 44. Bd2 Nc4 45. Bc1 Qb6 46. Qc3 a5
47. bxa5 Nxa5 48. Qc8 Kf7 49. Qd7+ Be7 50. Nc3 b4 51. axb4
Qxb4 52. Nb5 Nc4 53. Nc7 Qd6 54. Qe8+ Kg7 55. Qc8 Kh6 56. g4
Qb4 57. g5+ Kh5 58. Qxe6 Qe1+ 59. Kg2 Qe2+ 60. Kg3 Nxe3
61. Bxe3 Qxe3+ 62. Kg2 Qf3+ 63. Kg1 Qg3+ 64. Kh1 Qe1+ 65. Kg2
Qe2+ 66. Kg1 Qe1+ 67. Kg2 Qd2+ 68. Kg3 Qe1+ 69. Kg2 Qe2+
70. Kg1 Qe3+ 71. Kg2 Qf3+ 72. Kg1 Qg3+ 73. Kh1 Qe1+ 74. Kg2
Qd2+ 75. Kg3 Qd3+ 76. Kg2 Qd2+ 1/2-1/2

[Event "Olympiad"]
[Site "Bled SLO"]
[Date "2002.11.06"]
[EventDate "2002.10.26"]
[Round "11"]
[Result "0-1"]
[White "Ivan Morovic-Fernandez"]
[Black "Ekrem Cekro"]
[WhiteElo "2549"]
[BlackElo "2432"]
[PlyCount "92"]

1. e4 d6 2. d4 Nf6 3. Nc3 g6 4. Nf3 c6 5. Be2 Bg7 6. O-O O-O
7. h3 Nbd7 8. e5 Ne8 9. Bf4 dxe5 10. dxe5 Nc7 11. Re1 Ne6
12. Bg3 Qa5 13. Bc4 Nb6 14. Bb3 Rd8 15. Qe2 Nc5 16. Ng5 Nd5
17. Qf3 Be6 18. Nce4 Nxe4 19. Rxe4 Bf5 20. e6 f6 21. Ra4 Qc5
22. Nf7 b5 23. Rh4 Re8 24. Re1 a5 25. c4 a4 26. cxd5 axb3
27. axb3 Qxd5 28. Qe3 g5 29. Rd4 Qxe6 30. Qxe6 Bxe6 31. Rxe6
Kxf7 32. Rxc6 Ra1+ 33. Kh2 f5 34. Rd5 f4 35. Rxg5 fxg3+
36. Kxg3 Rb8 37. Rf5+ Bf6 38. Kf3 Rb1 39. g4 h6 40. h4 Kg6
41. Re5 Kg7 42. Ree6 Bxh4 43. Rg6+ Kf7 44. Rxh6 Bf6 45. Rh7+
Bg7 46. Rc5 Rxb2 0-1

[Event "Olympiad"]
[Site "Bled SLO"]
[Date "2002.11.06"]
[EventDate "2002.10.26"]
[Round "11"]
[Result "1/2-1/2"]
[White "Khaled Abdel Razik"]
[Black "Oscar de la Riva Aguado"]
[WhiteElo "2354"]
[BlackElo "2515"]
[PlyCount "47"]

1. d4 g6 2. Nf3 Bg7 3. c4 d6 4. Nc3 Nf6 5. g3 O-O 6. Bg2 Nc6
7. O-O a6 8. h3 Rb8 9. a4 Bf5 10. a5 Ne4 11. Nd5 Bd7 12. Be3
e6 13. Nc3 Nxc3 14. bxc3 Ne7 15. Qc1 Nf5 16. Bg5 f6 17. Bd2
Bc6 18. Qc2 d5 19. Bc1 Nd6 20. Nd2 dxc4 21. Bxc6 bxc6 22. Ba3
Rb5 23. Qa4 Re8 24. Bxd6 1/2-1/2

[Event "Olympiad"]
[Site "Bled SLO"]
[Date "2002.11.06"]
[EventDate "2002.10.26"]
[Round "11"]
[Result "1/2-1/2"]
[White "Matej Sebenik"]
[Black "Jonathan Rowson"]
[WhiteElo "2414"]
[BlackElo "2547"]
[PlyCount "37"]

1. Nf3 d5 2. d4 Nf6 3. c4 dxc4 4. e3 e6 5. Bxc4 c5 6. O-O a6
7. dxc5 Qxd1 8. Rxd1 Bxc5 9. Nbd2 O-O 10. Be2 Rd8 11. Ne5 Be7
12. Nd3 b6 13. b3 Bb7 14. Bb2 Nbd7 15. Rac1 Rac8 16. Rxc8 Rxc8
17. Bf3 Bxf3 18. Nxf3 Kf8 19. Kf1 1/2-1/2

[Event "Olympiad"]
[Site "Bled SLO"]
[Date "2002.11.06"]
[EventDate "2002.10.26"]
[Round "11"]
[Result "1-0"]
[White "Blaz Bratovic"]
[Black "John K Shaw"]
[WhiteElo "2293"]
[BlackElo "2484"]
[PlyCount "65"]

1. e4 c5 2. Nf3 Nc6 3. d4 cxd4 4. Nxd4 e5 5. Nb5 d6 6. N1c3 a6
7. Na3 b5 8. Nd5 Nf6 9. c4 Nd4 10. Be3 Nxd5 11. cxd5 Be7
12. Bd3 O-O 13. O-O f5 14. Bxd4 exd4 15. Nc2 Qb6 16. exf5 Qc5
17. Qf3 Bb7 18. Be4 Bf6 19. Ne1 d3 20. Nxd3 Qd4 21. Rae1 Rac8
22. Re2 Rc4 23. Nf4 Rfc8 24. Ne6 Qb6 25. g4 h6 26. h4 Bxh4
27. f6 Bxf6 28. Qf5 Rxe4 29. Rxe4 Rc4 30. Rfe1 Bc8 31. Qg6 Bd7
32. Nxg7 Bxg7 33. Re8+ 1-0

[Event "Olympiad"]
[Site "Bled SLO"]
[Date "2002.11.06"]
[EventDate "2002.10.26"]
[Round "11"]
[Result "1/2-1/2"]
[White "Mohamad Al-Modiahki"]
[Black "Ehsan Ghaem Maghami"]
[WhiteElo "2550"]
[BlackElo "2511"]
[PlyCount "74"]

1. e4 c5 2. Nf3 d6 3. d4 cxd4 4. Nxd4 Nf6 5. Nc3 Nc6 6. g3 Bg4
7. f3 Bd7 8. Be3 g6 9. Qd2 Bg7 10. O-O-O h5 11. h3 Rc8 12. f4
O-O 13. Kb1 Re8 14. Nb3 a5 15. a4 Nb4 16. Bd3 Bc6 17. Rhe1 Qd7
18. e5 Nfd5 19. Nxd5 Bxd5 20. Bb5 Bc6 21. Nxa5 Bxb5 22. Qxb4
Bxa4 23. Rd2 Bxc2+ 24. Rxc2 Rxc2 25. Kxc2 Rc8+ 26. Kb1 dxe5
27. Rc1 Ra8 28. Nc4 b5 29. Na3 Qd3+ 30. Nc2 exf4 31. gxf4 Ra4
32. Qd2 Qb3 33. Nd4 Qa2+ 34. Kc2 Qc4+ 35. Kb1 Qa2+ 36. Kc2
Qc4+ 37. Kb1 Qa2+ 1/2-1/2

[Event "Olympiad"]
[Site "Bled SLO"]
[Date "2002.11.06"]
[EventDate "2002.10.26"]
[Round "11"]
[Result "0-1"]
[White "Amir Mallahi"]
[Black "Mohamad Naser Al Sayed"]
[WhiteElo "2406"]
[BlackElo "2435"]
[PlyCount "157"]

1. e4 c5 2. Nf3 Nc6 3. d4 cxd4 4. Nxd4 g6 5. g3 Bg7 6. Ne2 b5
7. Bg2 Nf6 8. O-O O-O 9. Nbc3 Rb8 10. Bf4 d6 11. Qd2 Ng4
12. a3 a5 13. Nd1 b4 14. axb4 Nxb4 15. Ra3 Ba6 16. b3 Re8
17. c4 Ne5 18. Nb2 Nd7 19. Be3 Nc6 20. Na4 Qc7 21. Nd4 Nxd4
22. Bxd4 Bxd4 23. Qxd4 Rb4 24. Nc3 Qc5 25. Qxc5 Nxc5 26. Nd5
Rxb3 27. Rxb3 Nxb3 28. Nc7 Bxc4 29. Nxe8 a4 30. Rd1 a3 31. Bf1
Bxf1 32. Kxf1 a2 33. Ke2 a1=Q 34. Rxa1 Nxa1 35. Nc7 Nb3
36. Nd5 Nd4+ 37. Ke3 Nc6 38. f4 Kg7 39. g4 f6 40. h3 Kf7
41. Nc7 e6 42. Nb5 Ke7 43. Nc3 Kd7 44. h4 Ne7 45. Ne2 h6
46. g5 fxg5 47. fxg5 h5 48. Nf4 e5 49. Nd3 Ke6 50. Ne1 d5
51. Nd3 Kd6 52. exd5 Kxd5 53. Nb4+ Ke6 54. Ke4 Nf5 55. Nc6
Nd6+ 56. Kf3 Nb7 57. Ke4 Nc5+ 58. Ke3 Kd6 59. Nb4 Na4 60. Na2
Nb6 61. Ke4 Nd5 62. Nc1 Nf4 63. Nb3 Ne2 64. Na5 Nc3+ 65. Kd3
Na4 66. Nc4+ Ke6 67. Ke4 Nc5+ 68. Ke3 Kf5 69. Kf3 e4+ 70. Ke3
Kg4 71. Kd4 Kxh4 72. Kxc5 Kxg5 73. Ne5 Kf5 74. Kd4 g5 75. Nc4
Kf4 76. Ne5 h4 77. Ng6+ Kg3 78. Ke3 h3 79. Kd4 0-1

[Event "Olympiad"]
[Site "Bled SLO"]
[Date "2002.11.06"]
[EventDate "2002.10.26"]
[Round "11"]
[Result "1/2-1/2"]
[White "Daniel Mieles Palau"]
[Black "Rafael Emilio Espinosa Flores"]
[WhiteElo "2416"]
[BlackElo "2414"]
[PlyCount "71"]

1. e4 c5 2. Nf3 Nc6 3. d4 cxd4 4. Nxd4 Nf6 5. Nc3 e5 6. Ndb5
d6 7. Bg5 a6 8. Na3 b5 9. Bxf6 gxf6 10. Nd5 f5 11. g3 fxe4
12. Bg2 Be6 13. Bxe4 Bg7 14. Qh5 Rc8 15. O-O Ne7 16. Nxe7 Qxe7
17. Rad1 b4 18. Nb1 Rc5 19. a3 bxa3 20. Nxa3 d5 21. Bf5 Bxf5
22. Qxf5 O-O 23. c3 Rb8 24. Rd2 Qe6 25. Qf3 e4 26. Qe2 Bh6
27. Rd4 Bg7 28. Rd2 Rb3 29. Rfd1 Rxa3 30. bxa3 Bxc3 31. Qe3
Bxd2 32. Qxc5 e3 33. Qd4 e2 34. Qxd2 exd1=Q+ 35. Qxd1 Qe4
36. Qd2 1/2-1/2

[Event "Olympiad"]
[Site "Bled SLO"]
[Date "2002.11.06"]
[EventDate "2002.10.26"]
[Round "11"]
[Result "1/2-1/2"]
[White "Alberto Santos Flores"]
[Black "Kenneth Frey Beckman"]
[WhiteElo "2364"]
[BlackElo "2405"]
[PlyCount "99"]

1. e4 e5 2. Nf3 Nc6 3. d4 exd4 4. Nxd4 Qf6 5. Nb5 Bc5 6. Qe2
Bb6 7. N1c3 Nge7 8. Nd5 Nxd5 9. exd5+ Ne7 10. g3 d6 11. Bg2
O-O 12. O-O Nf5 13. c3 Bd7 14. Na3 Rfe8 15. Qf3 Qg6 16. Bd2
Nh6 17. Bxh6 Qxh6 18. Qd3 Qg6 19. Qxg6 hxg6 20. Rfe1 a5
21. Nc2 Kf8 22. Rxe8+ Rxe8 23. Re1 Rb8 24. Nd4 Bxd4 25. cxd4
b5 26. Rc1 Rb7 27. Kf1 g5 28. Ke2 Ke7 29. a3 b4 30. Kd2 bxa3
31. bxa3 Bf5 32. Rc3 Rb2+ 33. Ke3 Kd8 34. Bf1 Rb1 35. Bd3 Bxd3
36. Rxd3 f5 37. Rc3 Rb5 38. Kd3 Rxd5 39. Kc4 c6 40. Rb3 Kc7
41. Re3 Kd7 42. Rb3 Kc7 43. Re3 Kd7 44. Rb3 Ke6 45. Re3+ Kf6
46. Rb3 Ke6 47. Re3+ Kf6 48. Rb3 Ke6 49. Re3+ Kf6 50. Rb3
1/2-1/2

[Event "Olympiad"]
[Site "Bled SLO"]
[Date "2002.11.06"]
[EventDate "2002.10.26"]
[Round "11"]
[Result "0-1"]
[White "Florentino Garmendez"]
[Black "Miguel Munoz Sanchez"]
[WhiteElo "2408"]
[BlackElo "2305"]
[PlyCount "156"]

1. d4 Nf6 2. c4 e6 3. Nf3 b6 4. g3 Bb7 5. Bg2 Bb4+ 6. Bd2 a5
7. O-O O-O 8. Nc3 Bxc3 9. Bxc3 Ne4 10. Qc2 Nxc3 11. Qxc3 Be4
12. Nh4 Bxg2 13. Nxg2 d6 14. Rfd1 Nd7 15. b3 Qf6 16. Rac1 g5
17. f4 h6 18. e4 Qg6 19. Qf3 f6 20. f5 Qf7 21. fxe6 Qxe6
22. Rf1 Rae8 23. Rce1 c5 24. d5 Qe5 25. Qh5 Kh7 26. Rf2 Qc3
27. h4 Ne5 28. Kh2 Qd4 29. Rfe2 Re7 30. Re3 Rg7 31. Rd1 Qb2
32. Re2 Qc3 33. Re3 Qc2 34. Qe2 Qxe2 35. Rxe2 Nf3+ 36. Kh1
gxh4 37. Nxh4 Nxh4 38. gxh4 Rg4 39. Kh2 Rfg8 40. Rd3 Rxh4+
41. Rh3 Rhg4 42. Rf2 R8g5 43. Rhf3 Kg7 44. Kh3 Rg1 45. Kh2
R1g4 46. Kh3 Rg1 47. Kh2 Rg6 48. a4 R1g4 49. Rf4 Rg3 50. R4f3
Rxf3 51. Rxf3 Rg4 52. Re3 Kg6 53. Kh3 h5 54. Re2 Kg5 55. Rf2
Rxe4 56. Rg2+ Kf4 57. Rg8 Re3+ 58. Kh4 Rxb3 59. Rd8 Ke5
60. Re8+ Kd4 61. Re6 Kxc4 62. Rxd6 b5 63. axb5 Kxb5 64. Kxh5
a4 65. Rd8 Rd3 66. Kg4 a3 67. d6 a2 68. Ra8 Rxd6 69. Rxa2 c4
70. Kf3 c3 71. Ke2 Kb4 72. Ra8 c2 73. Rc8 Kb3 74. Rb8+ Ka2
75. Ra8+ Kb2 76. Rb8+ Kc1 77. Rc8 Re6+ 78. Kd3 Kd1 0-1

[Event "Olympiad"]
[Site "Bled SLO"]
[Date "2002.11.06"]
[EventDate "2002.10.26"]
[Round "11"]
[Result "1/2-1/2"]
[White "Jose Sequera Paolini"]
[Black "Alejandro Ramirez Alvarez"]
[WhiteElo "2378"]
[BlackElo "2421"]
[PlyCount "94"]

1. e4 c5 2. c3 d5 3. exd5 Qxd5 4. d4 Nf6 5. Nf3 Bg4 6. Nbd2
Nc6 7. Bc4 Bxf3 8. gxf3 Qf5 9. Qb3 O-O-O 10. Bxf7 Nd5 11. Bxd5
Rxd5 12. Rg1 cxd4 13. Ne4 e6 14. Rg3 h6 15. Bd2 Kb8 16. Rc1 d3
17. Qd1 g5 18. Kf1 Bg7 19. Kg2 Be5 20. c4 Rdd8 21. Bc3 Rhf8
22. Bxe5+ Nxe5 23. c5 g4 24. Nd6 gxf3+ 25. Kf1 Qf4 26. Rc3 Rd7
27. Qc1 Qxc1+ 28. Rxc1 b6 29. b4 bxc5 30. bxc5 Kc7 31. Ke1 Rb8
32. Kd2 Kc6 33. Ke3 Kd5 34. Rh3 Rb2 35. Rh5 Re2+ 36. Kf4 Rg7
37. h3 Rg8 38. Rc3 Rf8+ 39. Kg3 d2 40. Rd3+ Kc6 41. Rd4 Kxc5
42. Rxd2 Rxd2 43. Ne4+ Kd4 44. Nxd2 Rf6 45. Nb3+ Ke4 46. Nc5+
Kd4 47. Rxe5 Kxe5 1/2-1/2

[Event "Olympiad"]
[Site "Bled SLO"]
[Date "2002.11.06"]
[EventDate "2002.10.26"]
[Round "11"]
[Result "1/2-1/2"]
[White "Veselin Georgiev"]
[Black "Hoang Thong Tu"]
[WhiteElo "2310"]
[BlackElo "2507"]
[PlyCount "55"]

1. e4 Nf6 2. e5 Nd5 3. d4 d6 4. c4 Nb6 5. exd6 cxd6 6. Nc3 g6
7. Be2 Bg7 8. h3 O-O 9. Nf3 Nc6 10. O-O Bf5 11. Be3 d5 12. c5
Nc4 13. Bxc4 dxc4 14. Qa4 Bd3 15. Rfd1 e5 16. dxe5 Nxe5
17. Ne1 Qe8 18. Qxe8 Rfxe8 19. Nb5 Red8 20. Nd6 b6 21. Nxd3
cxd3 22. f4 Nc6 23. Rxd3 bxc5 24. Rad1 Bxb2 25. Bxc5 Bg7
26. Nb5 Rxd3 27. Rxd3 Bf8 28. Bxf8 1/2-1/2

[Event "Olympiad"]
[Site "Bled SLO"]
[Date "2002.11.06"]
[EventDate "2002.10.26"]
[Round "11"]
[Result "1-0"]
[White "Anh Dung Nguyen"]
[Black "Sergej Salov"]
[WhiteElo "2540"]
[BlackElo "2297"]
[PlyCount "95"]

1. d4 Nf6 2. c4 c5 3. d5 b5 4. cxb5 a6 5. e3 axb5 6. Bxb5 Qa5+
7. Nc3 Bb7 8. e4 Nxe4 9. Nge2 Nxc3 10. Nxc3 g6 11. O-O Bg7
12. a4 O-O 13. Bg5 e6 14. dxe6 dxe6 15. Re1 Qb4 16. Ra3 c4
17. Qe2 Rc8 18. Rd1 Nc6 19. Be3 Ne7 20. Bd4 Bxd4 21. Rxd4 Nf5
22. Rd7 Bc6 23. Bxc6 Rxc6 24. h3 Rd6 25. Rc7 Rd3 26. a5 Nd6
27. Ra4 Qb8 28. Rc6 Qb7 29. Rb6 Qd7 30. Ra1 Nc8 31. Rb4 Nd6
32. a6 f6 33. Rb6 Ra7 34. Rd1 Nf5 35. Qxe6+ Qxe6 36. Rxe6 Kf7
37. Rb6 Nd4 38. Rxd3 cxd3 39. Kf1 Re7 40. Rb7 d2 41. Rxe7+
Kxe7 42. a7 Nb5 43. a8=Q Nxc3 44. Qa7+ Kf8 45. Qc5+ Kf7
46. Qc7+ Ke6 47. Qc4+ Ke7 48. Qe2+ 1-0

[Event "Olympiad"]
[Site "Bled SLO"]
[Date "2002.11.06"]
[EventDate "2002.10.26"]
[Round "11"]
[Result "0-1"]
[White "Evgeny Vodyasov"]
[Black "Mikhail Gluzman"]
[WhiteElo "2227"]
[BlackElo "2417"]
[PlyCount "115"]

1. Nf3 Nf6 2. d4 c5 3. e3 g6 4. Be2 Bg7 5. O-O O-O 6. c4 cxd4
7. Nxd4 Nc6 8. Nc3 Nxd4 9. Qxd4 d6 10. Qd2 Be6 11. Rb1 Rc8
12. b3 d5 13. cxd5 Bf5 14. Bd3 Ng4 15. Ne2 Qxd5 16. Nf4 Qd7
17. Bxf5 Qxf5 18. Ba3 Rfd8 19. Qb4 e5 20. Nh3 e4 21. Rbd1 Rxd1
22. Rxd1 Bf8 23. Qa4 Bxa3 24. Qxa3 Qe5 25. Nf4 g5 26. h3 Nxf2
27. Kxf2 gxf4 28. exf4 Qxf4+ 29. Kg1 Qg5 30. Qd6 Rc2 31. Qd8+
Qxd8 32. Rxd8+ Kg7 33. Re8 f5 34. g4 Kf7 35. Re5 fxg4 36. Rxe4
Rxa2 37. hxg4 Rb2 38. b4 Kf6 39. Kf1 h6 40. Ke1 b5 41. Kd1 a6
42. Kc1 Rg2 43. Kd1 Kg5 44. Re5+ Kxg4 45. Re6 Kg5 46. Rxa6 Rg4
47. Rb6 Rxb4 48. Kd2 h5 49. Kc3 Rc4+ 50. Kd3 Rc5 51. Kd4 Rf5
52. Ke4 Kg4 53. Rd6 h4 54. Rd1 Rf4+ 55. Ke3 Rf3+ 56. Ke2 h3
57. Rd8 Rf5 58. Kd3 0-1

[Event "Olympiad"]
[Site "Bled SLO"]
[Date "2002.11.06"]
[EventDate "2002.10.26"]
[Round "11"]
[Result "0-1"]
[White "Dashzeveg Sharavdorj"]
[Black "Vasilios Kotronias"]
[WhiteElo "2418"]
[BlackElo "2561"]
[PlyCount "86"]

1. d4 g6 2. c4 Bg7 3. e4 d6 4. Nf3 Nd7 5. Be2 e5 6. Nc3 c6
7. O-O Nh6 8. Bg5 f6 9. Be3 O-O 10. b4 Nf7 11. Qc2 Qe7
12. Rfd1 exd4 13. Nxd4 Re8 14. b5 c5 15. Nb3 Nb6 16. a4 Be6
17. Nd2 Ne5 18. Qb3 Qf7 19. Nd5 f5 20. a5 Nxd5 21. cxd5 Bd7
22. f3 f4 23. Bf2 g5 24. Rac1 h5 25. Nc4 Qg6 26. Be1 Nxc4
27. Qxc4 Be5 28. Bc3 Kh7 29. Bxe5 Rxe5 30. h3 Qf6 31. a6 b6
32. Rc3 Rae8 33. Rf1 Kh8 34. Qb3 R8e7 35. Bd1 Rh7 36. Be2 Qh6
37. Qd1 Rg7 38. Qd2 Rg6 39. Rf2 Rf6 40. Qc2 Be8 41. Qb2 Qg7
42. Qd2 Bg6 43. Bd3 Bh7 0-1

[Event "Olympiad"]
[Site "Bled SLO"]
[Date "2002.11.06"]
[EventDate "2002.10.26"]
[Round "11"]
[Result "0-1"]
[White "Nicholas Thomas"]
[Black "Bazar Khatanbaatar"]
[WhiteElo "2236"]
[BlackElo "2439"]
[PlyCount "88"]

1. e4 c5 2. Nc3 Nc6 3. g3 g6 4. Bg2 Bg7 5. d3 d6 6. f4 e6
7. Nf3 Nge7 8. O-O O-O 9. Be3 Nd4 10. e5 Nef5 11. Bf2 Nxf3+
12. Qxf3 Nd4 13. Qd1 dxe5 14. fxe5 Rb8 15. Ne4 b6 16. c3 Nf5
17. Nf6+ Bxf6 18. exf6 Qxf6 19. g4 Nd6 20. Bd4 Qg5 21. Bf6
Qe3+ 22. Kh1 Bb7 23. Bxb7 Rxb7 24. Rf3 Qh6 25. Qf1 g5 26. Rh3
Qg6 27. Rh5 h6 28. Qf3 Rd7 29. h4 Ne8 30. Bxg5 Rxd3 31. Qe2
Ng7 32. Rxh6 Rh3+ 33. Kg2 Qd3 34. Qf2 f5 35. Rf1 Qe4+ 36. Kxh3
fxg4+ 37. Kh2 Rxf2+ 38. Rxf2 Nf5 39. Rg6+ Kh7 40. Rxf5 exf5
41. h5 Qe2+ 42. Kg1 g3 43. Rh6+ Kg8 44. Rg6+ Kf7 0-1

[Event "Olympiad"]
[Site "Bled SLO"]
[Date "2002.11.06"]
[EventDate "2002.10.26"]
[Round "11"]
[Result "1-0"]
[White "Ramon Mateo"]
[Black "Amon Simutowe"]
[WhiteElo "2420"]
[BlackElo "2383"]
[PlyCount "87"]

1. e4 c5 2. Nf3 d6 3. d4 cxd4 4. Nxd4 Nf6 5. Nc3 a6 6. Bg5 e6
7. Bd3 Nbd7 8. O-O Qc7 9. Re1 b5 10. a4 b4 11. Nd5 Qb7
12. Nxf6+ Nxf6 13. e5 dxe5 14. Bxf6 gxf6 15. Be4 Qa7 16. Qf3
exd4 17. Bxa8 f5 18. c3 bxc3 19. bxc3 Bc5 20. Bc6+ Kf8
21. Rad1 Rg8 22. a5 Rg6 23. Qf4 f6 24. cxd4 Bb4 25. Re3 Bxa5
26. Qd6+ Kf7 27. Bf3 Qe7 28. Qc6 f4 29. Re2 Rg8 30. d5 e5
31. d6 Rd8 32. Qd5+ Qe6 33. Qxa5 Rxd6 34. Bd5 Kg7 35. Bxe6
Rxd1+ 36. Re1 Rxe1+ 37. Qxe1 Bxe6 38. Qa5 h5 39. Qxa6 Bf5
40. Qd6 Kg6 41. f3 Kg5 42. Qf8 Bb1 43. Qg7+ Bg6 44. h4+ 1-0

[Event "Olympiad"]
[Site "Bled SLO"]
[Date "2002.11.06"]
[EventDate "2002.10.26"]
[Round "11"]
[Result "1-0"]
[White "Bunmi Olape"]
[Black "Bernardo Roselli Mailhe"]
[WhiteElo "2216"]
[BlackElo "2446"]
[PlyCount "133"]

1. e4 e5 2. Nf3 Nc6 3. Bc4 Nf6 4. Ng5 d5 5. exd5 b5 6. Bxb5
Qxd5 7. Bxc6+ Qxc6 8. Qf3 e4 9. Qc3 Qb5 10. Qe3 Bc5 11. d4
Bb4+ 12. c3 Be7 13. Nxe4 Nxe4 14. Qxe4 Bb7 15. Qe5 Qxe5+
16. dxe5 Bxg2 17. Rg1 Be4 18. Be3 O-O 19. Nd2 Bg6 20. O-O-O
Bh5 21. Rde1 Rfb8 22. Ne4 Bg6 23. Bc5 Bxc5 24. Nxc5 Rb5
25. Na4 Kf8 26. c4 Ra5 27. b3 Rd8 28. Re3 Rd4 29. Rd1 Rf4
30. f3 Ke7 31. Nc3 c6 32. Kb2 Rf5 33. f4 Rxf4 34. b4 Rf2+
35. Ka1 Ra6 36. c5 Bc2 37. Rde1 Bb3 38. R1e2 Rf1+ 39. Kb2 Bc4
40. Rd2 h5 41. a4 g5 42. a5 g4 43. Ne4 h4 44. Kc3 Bd5 45. Nf6
Be6 46. Re4 g3 47. Rxh4 Rf3+ 48. Kb2 Re3 49. Re4 Rb3+ 50. Kc2
Rf3 51. Re1 Rf4 52. Ne4 gxh2 53. Rxh2 Rf5 54. Nd6 Rf4 55. Re4
Rf1 56. Rh8 Bd7 57. Rh6 Be6 58. Kd3 Rd1+ 59. Ke2 Rg1 60. Rh8
Bd7 61. Rf4 Rg7 62. Rf6 Be6 63. Re8+ Kd7 64. Rexe6 fxe6
65. Rf7+ Rxf7 66. Nxf7 Kc7 67. Ke3 1-0

[Event "Bled Olympiad"]
[Site "Bled"]
[Date "2002.11.07"]
[EventDate "2002.??.??"]
[Round "12"]
[Result "0-1"]
[White "Gabriel Curi Milia"]
[Black "Patrick van Hoolandt"]
[WhiteElo "2269"]
[BlackElo "2173"]
[PlyCount "80"]

1. e4 e5 2. Nf3 Nc6 3. Bb5 Nf6 4. d3 d6 5. O-O g6 6. c3 Bg7
7. a4 O-O 8. a5 Bd7 9. a6 b6 10. Re1 h6 11. d4 Nxd4 12. cxd4
Bxb5 13. Nc3 Bc6 14. dxe5 dxe5 15. Nxe5 Bxe4 16. Qb3 Qd4
17. Bf4 Bc2 18. Qxc2 Qxf4 19. Ra4 Qg5 20. Nf3 Qc5 21. b4 Qc4
22. Ne5 Rfe8 23. h3 Qd4 24. Nb5 Rxe5 25. Nxd4 Rxe1+ 26. Kh2
Ng4+ 27. hxg4 Bxd4 28. b5 Bc5 29. Re4 Rf1 30. Re2 Rd8 31. Kg3
Rd4 32. Re8+ Kh7 33. Qb3 Bd6+ 34. Kf3 Rf4+ 35. Ke2 R1xf2+
36. Kd1 Rb4 37. Qd3 Bc5 38. Ke1 Rxg2 39. Re2 Rg1+ 40. Kd2 Rd4
0-1

[Event "Bled Olympiad"]
[Site "Bled SLO"]
[Date "2002.11.08"]
[EventDate "2002.10.26"]
[Round "13"]
[Result "1/2-1/2"]
[White "Gabriel Sargissian"]
[Black "Peter Acs"]
[WhiteElo "2568"]
[BlackElo "2591"]
[PlyCount "34"]

1. e4 e5 2. Nf3 Nc6 3. Bb5 a6 4. Ba4 Nf6 5. O-O Be7 6. Re1 b5
7. Bb3 d6 8. c3 O-O 9. h3 Nb8 10. d4 Nbd7 11. Nbd2 Bb7 12. Bc2
Re8 13. Nf1 Bf8 14. Ng3 g6 15. a4 c5 16. d5 c4 17. Bg5 h6
1/2-1/2